000 01784cam a2200253 4500
999 _c181
_d181
003 AR-BaISA
005 20190205164219.0
007 ta
008 080211s2007 mx ao | |||| 01 0 spa d
020 _a9789687988863
040 _cAR-BaISA
082 0 4 _222
_a616 R944
100 1 0 _aPérez Tamayo, Ruy
_d1924-
_9428
245 1 0 _aPrincipios de patología /
_cRuy Pérez Tamayo, Eduardo López Corella
250 _a4ª ed.
260 _aMéxico:
_bMédica Panamericana,
_c2007
300 _aXX, 664 p.:
_bil., fot.;
_c28 cm.
504 _aBibliografía al final de cada capítulo
504 _aÍndice analítico p: 641-664
505 _tEvolución histórica de la patología --
_tLesiones en diferentes niveles de organización biológica --
_tPatología general de la inflamación --
_tReparación y regeneración --
_tInmunopatología --
_tPatología de las enfermedades infecciosas --
_tPatología general de la circulación --
_tPatología general de las neoplasias --
_tPatología del metabolismo y la nutrición --
_tPatología del aparato digestivo --
_tPatología del aparato respiratorio --
_tPatología del útero, vagina, vulva, ovario, glándula mamaria, del embarazo y de la placenta --
_tPatología del riñón --
_tPatología de vejiga, próstata y testículo --
_tPatología de la piel --
_tPatología del ganglio linfático, médula ósea y bazo --
_tPatología del sistema nervioso --
_tPatología del aparato cardiovascular --
_tPatología del sistema endocrino --
_tPatología de músculo esquelético, de nervio periférico y de tejidos blandos --
_tPatología del esqueleto y de las articulaciones --
_tPatología de cabeza y cuello --
_tPatología pediátrica
650 1 4 _aPatología
_9427
700 1 _aLópez Corella, Eduardo
_9429
942 _2ddc
_cLI